01822nam a2200361Ia 450000500170000000800410001702000150005808200180007310000250009124500750011625000390019130000420023050000270027265000180029965000300031765000250034765000260037265000370039870000340043594200120046926400500048133600270053133700330055833800280059104000350061999900150065495201320066995201320080195201320093395201300106595201320119595201330132720220317000604.0160601s2004 mx a g 000 0 spa  a968166651804a571.939bC27m1 aCereijido, Marcelino10aLa muerte y sus ventajas cMarcelino Cereijido, Fanny Blanck-Cereijido a3a. edición b2a. reimpresión  a157 páginasbilustraciones c21 cm  aIncluye bibliografía142LEMBaMuerte 142LEMBaMuerte (Biología)142LEMBaMuerte celular142LEMBaEnvejecimiento 142LEMB aFilosofía de la muerte 1 aBlanck-Cereijido, Fanny93058 2ddccBK aMéxico bFondo de Cultura Económicac2004 atextobtxt2rdacontent asin mediaciónbn2rdamedia avolumenbnc2rdacarrier aCO-BoRNBPbspaerdacCO-BoRNBP c4486d4486 00102ddc40708GENaMEDORADObMEDORADOcGENd2022-12-28l0o571.939 C27mpDOR00502r2022-12-28 00:00:00tEj.1w2022-12-28yBK 00102ddc40708GENaMEPRICObMEPRICOcGENd2023-02-08l0o571.939 C27mpPR00000573r2023-02-08 00:00:00tEj.1w2023-02-08yBK 00102ddc40708GENaMELEJANIbMELEJANIcGENd2023-08-04l0o571.939 C27mpLEJ00558r2023-08-04 19:47:45tEj.1w2023-08-04yBK 00102ddc40708GENaMEURIBEbMEURIBEcGENd2024-08-01l0o571.939 C27mpURI00698r2024-08-01 15:06:21tEj.1w2024-08-01yBK 00102ddc40708GENaMEACACIAbMEACACIAcGENd2026-01-28l0o571.939 C27mpACA04496r2026-01-28 19:43:12tEj.1w2026-01-28yBK 00102lcc40708GENaMEPCONCObMEPCONCOcGENd2026-02-11l0o571.939 C27mpPCON00997r2026-02-11 21:17:00tEj.1w2026-02-11yBK